Normal view
MARC view
- Construction Engineering and Management
Entry Personal Name
001 - CONTROL NUMBER
- control field: 48562
003 - CONTROL NUMBER IDENTIFIER
- control field: NUST
005 - DATE AND TIME OF LATEST TRANSACTION
- control field: 20210314134055.0
008 - FIXED-LENGTH DATA ELEMENTS
- fixed length control field: 210314|| aca||aabn | a|a d
040 ## - CATALOGING SOURCE
- Original cataloging agency: NUST
- Transcribing agency: NUST
100 ## - HEADING--PERSONAL NAME
- Personal name: Construction Engineering and Management
670 ## - SOURCE DATA FOUND
- Source citation: Work cat.: (NUST): Hashim Hanif 48561, Causes and Impacts of Variation Orders in Construction of Hydropower Projects of Pakistan, c2014
